00723nam a2200205 a 450000100100000000500170001000800410002702000150006804000250008310000280010824501060013625000120024226000540025430000210030850400190032970000220034870000250037095201050039599900170050000003628120200930075639.0120112s1992 mx 000 0 spa d a9684442696 aDO-SdBNPbspacBNPHU1 aEiteman, David K96239914aLas finanzas de las empresas multinacionales /cDavid K. Eiteman, Arthur I. Stonehill ; Cheol S. Eun. a5a. ed. aMéxico :bAddison-Wesley Iberoamericana,c1992. a722 p. ;c23 cm. aBibliografía1 aI., Arthru9624001 aEun, Cheol S.962401 001050718MOaGRbGRcCTd2012-01-12iLF1l0o p36282-10r2020-06-25w2020-06-25y1ZNo se presta c35772d35772